000 01020nam a2200277Ia 4500
003 OSt
005 20221005105253.0
006 a|||||r|||| 00| 0
007 ta
008 221004b |||||||| |||| 00| 0 hin d
020 _a8170164249 (hbk)
_cIndian Rupees 95
024 _a70784
037 _bGift, 10/12/2021,
_cTextual
040 _aCRL
_cCRL
_bhin
041 _2hin
_ahin
082 _aO152,1N267x, Q0
100 _aवाजपेयी, अटल बिहारी, ले.
_9167624
245 0 _aन दैन्यं न पलायनम्
246 _aN dainyan n palāyanam
260 _aनई दिल्ली
_bकिताबघर प्रकाशन भारत
_c2010
300 _a103पृ0
_ccm.
650 _a हिन्दी साहित्य
650 _aहिन्दी कविता
942 _hO152,1N267x, Q0
_cTEXL
_2cc
999 _c1015328
_d1015328